| 000 | 01336cam a2200289 4500 | ||
|---|---|---|---|
| 001 | J107434 | ||
| 008 | 000000n2000 000 0 eng u | ||
| 035 | _a(Sirsi) u107434 | ||
| 041 | _aeng | ||
| 050 |
_a347.4107 _c18 |
||
| 100 | _aSalata, Anthony | ||
| 245 |
_a25th anniversary series Blundell lectures _btopical issues in property law - resolving property disputes in the millennium |
||
| 260 |
_aLondon _bLaw Society _c2000 |
||
| 300 |
_a27p. _c30cm. |
||
| 350 | _a25 | ||
| 490 | _aBlundell Lectures | ||
| 520 | _aThis paper discusses the current state of dispute resolution in the property sector and considers where dispute resolution might be heading in the future. In particular, focuses on alternative dispute resolution processes. Briefly refers to dispute resolution practices in France, Germany, the US and Northern Ireland. | ||
| 650 | _aMANAGEMENT-DISPUTE AVOIDANCE, MANAGEMENT AND RESOLUTION-DISPUTE MANAGEMENT AND RESOLUTION-ALTERNATIVE DISPUTE RESOLUTION-ADJUDICATION | ||
| 650 | _aPROPERTY DISPUTES | ||
| 650 | _aLITIGATION | ||
| 650 | _aALTERNATIVE DISPUTE RESOLUTION | ||
| 650 | _aMEDIATION | ||
| 650 | _aMANAGEMENT-DISPUTE AVOIDANCE, MANAGEMENT AND RESOLUTION-DISPUTE MANAGEMENT AND RESOLUTION-ARBITRATION | ||
| 690 |
_aDispute resolution _96236 |
||
| 700 | _aCheffings, Nicholas | ||
| 942 | _n0 | ||
| 999 |
_c100694 _d100694 |
||